000 00457nam a22002057i 4500
001 4284
003 OSt
005 20170126082333.0
007 tu
008 161220s1999 xxu||||| |||| 00| 0 d
024 7 _a4283
_2RID
040 _cOSt
084 _a15.53
_2z
100 1 _aMatthies, Klaus
245 0 0 _aWorld Commodity Prices 1999-2000
260 _aHamburg,
_c1999.
300 _a41 S. ;
_c30cm.
490 _aHWWA-Report
_v191
700 1 _aTimm, Hans-Joachim
942 _cB
999 _c4207
_d4207